zpět

Detail výsledku týmu

U Lucerny ST, Brno

Datum a čas kvízu

37.5 Celkem bodů Celkový počet nahraných bodů na tomto kvízu bez doplňovacích otázek.
12. Pořadí na kvízu Konečné umístění týmu na tomto kvízu.

Zaznamenané odpovědi

# Otázka Odpověď Body Výsledky
1. Minulý týden se on-line konal... Michal Šmarda 1
2. Policie vyšetřuje nález stop k... ve Velké Británii 0
3. Ve středu se v České republice... Bryan Adams 0
4. Nové logo jednoho z pořadů Čes... Sama doma 1
5. Čeští reprezentanti si odvážej... ve florbalu 1
6. Ve které zemi rozdává dětem dá... v Itálii 0
7. Lidé na Islandu se drží tradic... C 1
8. Napište, jak se jmenuje nejvýc... Čukotka 0
9. Které pečené zvíře je tradiční... krocan (krůta) 0
10. V Austrálii si lidé dle tradic... B 1